000 00698nam a2200205 a 4500
001 000025932
005 20240530073919.0
008 110224s1995 dr 000 f spa d
040 _aDO-SdBNP
_bspa
_cBNPHU
082 _aRD863.44
_bC957un
100 1 _aCruz Vélez, José Manuel de la,
_d1957-
_952790
245 1 3 _aUn pueblo lleno de ira /
_cJosé Manuel de la Cruz Vélez.
260 _aSanto Domingo :
_bImpresora Mary,
_c1995.
300 _a237 p. ;
_c22 cm.
500 _aIncluye datos biográficos del autor en la contraportada.
590 _aInventariado, 2020/LP
650 0 _aNovela dominicana
_9223
650 0 _aLiteratura dominicana.
_967
910 _aValidado. Control de calidad EMS
999 _c25424
_d25424